10 Najwartościowszych Polaków U-21 - Statystyki

Ogólne statystyki
  • Ten quiz został rozwiązany 39 razy
  • Średni wynik to 4 z 10
Statystyki odpowiedzi
Wartość Piłkarz % Poprawnych
4,5 mln Grabara
69%
4,5 mln Majecki
69%
3,6 mln Karbownik
61%
5,4 mln Szymański
53%
0,9 mln Puchacz
36%
2,3 mln Marchwiński
33%
3,6 mln Walukiewicz
33%
1,3 mln Bida
22%
1,3 mln Slisz
22%
3,6 mln Klimala
17%
Nie znaleziono quizów pasujących do podanych kryteriów
Rozkład punktacji
Procent ludzi z każdym wynikiem
Percentyl według liczby udzielonych odpowiedzi
Twoja historia wyników
Nie rozwiązałeś tego quizu